000 00554nam a2200193Ia 4500
005 20260120131956.0
008 008 260114s9999 xx 000 0 eng d
020 _a9781383019643
037 _aEBOOK
040 _aCRL
_beng
_cCRL
041 _aeng
_2eng
084 _qCRL
100 _aChappell
_9933446
245 0 _aSinitic Grammar: Synchronic and Diachronic Perspectives
260 _bOxford University PressOxford University Press
_c2023
856 _uhttps://academic.oup.com/book/48562
942 _cEBOOK
999 _c1525369
_d1525369